000 02840cam a2200373 4500
001 7706745
003 OSt
005 20150916124313.0
008 010315s2001 dcua b 001 0 eng
010 _a 2001022631
020 _a1557988102 (wiro)
020 _z1557987904 (alk. paper)
020 _a1557987912 (pbk.)
035 _a(NNNPsI)349
035 _a(NNC)7706745
040 _aDLC
_cDLC
_dC#P
_dQP9
_dVET
_dDNLM
_dOrLoB-B
042 _apcc
050 _aBF76.7
_b.P83 2001
060 1 0 _aWZ 345
_bP976 2001
060 0 0 _a2001 N-022
082 0 0 _a808/.06615
_221
245 0 0 _aPublication manual of the American Psychological Association.
250 _a5th ed.
260 _aWashington, DC :
_bAmerican Psychological Association,
_cc2001.
300 _axxviii, 439 p. :
_bill. ;
_c26 cm.
504 _aIncludes bibliographical references (p. 363-377) and index.
505 0 0 _g1.
_tContent and Organization of a Manuscript --
_tQuality of Content --
_tCharacteristics of Articles --
_tParts of a Manuscript --
_tQuality of Presentation --
_g2.
_tExpressing Ideas and Reducing Bias in Language --
_tWriting Style --
_tGrammar --
_tGuidelines to Reduce Bias in Language --
_g3.
_tAPA Editorial Style --
_tPunctuation --
_tSpelling --
_tCapitalization --
_tItalics --
_tAbbreviations --
_tHeadings and Series --
_tQuotations --
_tNumbers --
_tMetrication --
_tStatistical and Mathematical Copy --
_tTables --
_tFigures --
_tFootnotes and Notes --
_tAppendixes --
_tReference Citations in Text --
_g4.
_tReference List --
_g5.
_tManuscript Preparation and Sample Papers to be Submitted for Publication --
_tThe Author's Responsibilities --
_tGeneral Instructions for Preparing the Paper Manuscript --
_tInstructions for Typing the Parts of a Manuscript --
_tSample Paper and Outlines --
_g6.
_tMaterial Other Than Journal Articles --
_tTheses, Dissertations, and Student Papers --
_tConverting the Dissertation Into a Journal Article --
_tMaterial for Oral Presentation --
_tMaterial Published in Abbreviated Form --
_g7.
_tManuscript Acceptance and Production --
_tTransmitting the Accepted Manuscript for Production --
_tReviewing the Copyedited Manuscript --
_tProofreading --
_tAfter the Article is Published --
_g8.
_tJournals Program of the American Psychological Association --
_tPolicies Governing the Journals --
_tEditorial Management of Manuscripts --
_g9.
_tBibliography --
_gApp. A.
_tChecklist for Manuscript Submission --
_gApp. B.
_tChecklist for Transmitting Accepted Manuscripts for Electronic Production --
_gApp. C.
_tEthical Standards for the Reporting and Publishing of Scientific Information --
_gApp. D.
_tReferences to Legal Materials.
650 1 2 _aWriting.
650 2 2 _aAuthorship.
650 2 2 _aJournalism, Medical.
710 2 _aAmerican Psychological Association.
900 _bTOC
942 _2lcc
_cBK
999 _c50
_d50